Discurso leído por Urbano González Serrano : (Record no. 190400)

MARC details
000 -LEADER
campo de control de longitud fija 00844nab a2200193 i 4500
001 - NÚMERO DE CONTROL
campo de control 190400
003 - IDENTIFICADOR DE NÚMERO DE CONTROL
campo de control ES-MaACL
005 - FECHA Y HORA DE LA ÚLTIMA TRANSACCIÓN
campo de control 20231227133059.0
008 - DATOS DE LONGITUD FIJA--INFORMACIÓN GENERAL
campo de control de longitud fija 210128s2006 sp 000 s spa d
100 1# - ENTRADA PRINCIPAL--NOMBRE DE PERSONA
Nombre de persona González Serrano, U.,
Fechas asociadas al nombre 1848-1904
9 (RLIN) 58968
245 10 - MENCIÓN DEL TÍTULO
Título Discurso leído por Urbano González Serrano :
Resto del título el 17 de diciembre de 1881, en el Ateneo de Madrid, al celebrar dicha sociedad la velada en honor del malogrado Sr. Revilla.
600 14 - PUNTO DE ACCESO ADICIONAL DE MATERIA--NOMBRE DE PERSONA
Nombre de persona Revilla, Manuel de la,
Fechas asociadas al nombre 1846-1881
9 (RLIN) 96432
610 24 - PUNTO DE ACCESO ADICIONAL DE MATERIA--NOMBRE DE ENTIDAD CORPORATIVA
Nombre de entidad corporativa o nombre de jurisdicción como elemento de entrada Ateneo de Madrid-
Subdivisión de forma Conferencias-
Subdivisión cronológica S.XIX.
9 (RLIN) 1910
650 #4 - PUNTO DE ACCESO ADICIONAL DE MATERIA--TÉRMINO DE MATERIA
Término de materia o nombre geográfico como elemento de entrada Neokantismo.
9 (RLIN) 227177
773 0# - ASIENTO DE ITEM FUENTE
Título Kant en España : el neokantismo en el siglo XIX,
Lugar, editor y fecha de publicación Madrid : Verbum, [2006],
Número Internacional Estándar del Libro ISBN 8479623586,
Parte(s) relacionada(s) p. 692-705
Número bibliográfico anfitrión 114574
Número de control del registro 114574
Número de ítem anfitrión 118875
942 ## - ELEMENTOS DE ENTRADA SECUNDARIOS (KOHA)
Tipo de ítem Koha Capítulo de libro
Fuente del sistema de clasificación o colocación Clasificación decimal universal

No items available.